000 00476nam a2200193 a 4500
001 1767359860503
003 ACL
005 20260102184958.0
008 260102s2000##################000#0#eng##
020 _a9780890879658
082 0 4 _a641.814
_bADL
100 1 _aAdler, Karen,
_eauthor.
245 1 0 _aThe Best Little BBQ Sauces Cookbook :
260 _bCelestial Arts,
_c2000.
300 _a97 pages
650 0 _aCooking.
942 _cENGLISH
040 _aACL
_beng
_cACL
999 _c606862
_d606862